000 00346nam a22001337a 4500
003 SGT
082 _a070
_bG92R
100 _a राय, विवेकी
245 _a गंगा यमुना सरस्वती
260 _bभोजपुरी संसथान
_c1992
300 _a72
650 _aJOURNALISM
942 _2ddc
_cBK
999 _c28816
_d28816